000
00413nam a22001697a 4500
003
MPLRDC
005
20220104144454.0
008
210129b ||||| |||| 00| 0 eng d
082
_a
524.915 CQ
100
_a
陈奇编绘
245
_a
东南亚地理教科图
_c
250
_a
初版
260
_a
_b
世界书局有限公司
_c
300
_b
平
650
_a
中等教育--地理
942
_c
BK
_o
524.915 CQ
999
_c
49944
_d
49934